[Event "XLIV Memoriał Szachowy Ludwika Zamenhofa 2025, Grupa B"]
[Site "Bialystok, Poland"]
[Date "2025.12.27"]
[Round "1.18"]
[White "Skiba, Igor"]
[Black "Fukowski, Pawel"]
[Result "0-1"]
[TimeControl "90'+30\""]
[WhiteElo "1762"]
[BlackElo "1997"]

1. e4 {[%clk 01:30:55]} {[%emt 00:00:04]} e6 {[%clk 01:30:51]} {[%emt
00:00:09]} 2. d4 {[%clk 01:31:19]} {[%emt 00:00:07]} d5 {[%clk 01:31:15]}
{[%emt 00:00:06]} 3. Nd2 {[%clk 01:31:43]} {[%emt 00:00:05]} Nf6 {[%clk
01:30:44]} {[%emt 00:01:01]} 4. e5 {[%clk 01:32:09]} {[%emt 00:00:05]} Nfd7
{[%clk 01:31:10]} {[%emt 00:00:04]} 5. f4 {[%clk 01:32:36]} {[%emt 00:00:03]}
c5 {[%clk 01:31:34]} {[%emt 00:00:06]} 6. c3 {[%clk 01:32:59]} {[%emt
00:00:07]} Nc6 {[%clk 01:31:59]} {[%emt 00:00:05]} 7. Ngf3 {[%clk 01:33:19]}
{[%emt 00:00:09]} a6 {[%clk 01:24:53]} {[%emt 00:07:37]} 8. Nb3 {[%clk
01:23:44]} {[%emt 00:10:05]} b5 {[%clk 01:20:42]} {[%emt 00:04:41]} 9. Be3
{[%clk 01:20:18]} {[%emt 00:03:56]} c4 {[%emt 00:03:43]} 10. Nbd2 {[%clk
01:16:07]} {[%emt 00:04:37]} b4 {[%clk 01:13:32]} {[%emt 00:04:30]} 11. h4
{[%clk 01:11:36]} {[%emt 00:05:01]} bxc3 {[%clk 01:12:26]} {[%emt 00:01:36]} 12.
bxc3 {[%clk 01:11:53]} {[%emt 00:00:14]} Qa5 {[%clk 01:12:24]} {[%emt
00:00:32]} 13. Qc2 {[%clk 01:10:39]} {[%emt 00:01:44]} Nb6 {[%clk 01:10:04]}
{[%emt 00:02:50]} 14. a4 {[%clk 01:03:40]} {[%emt 00:07:28]} Bd7 {[%clk
01:08:34]} {[%emt 00:02:00]} 15. Be2 {[%clk 01:03:11]} {[%emt 00:01:00]} Ne7
{[%clk 01:04:12]} {[%emt 00:04:52]} 16. Bd1 {[%clk 01:01:40]} {[%emt 00:02:01]}
h5 {[%clk 01:00:47]} {[%emt 00:03:55]} 17. Bf2 {[%clk 00:58:17]} {[%emt
00:03:53]} Nf5 {[%clk 00:58:39]} {[%emt 00:02:38]} 18. Nf1 {[%clk 00:56:31]}
{[%emt 00:02:16]} Be7 {[%clk 00:52:27]} {[%emt 00:06:42]} 19. Ne3 {[%clk
00:53:19]} {[%emt 00:03:41]} g6 {[%clk 00:50:25]} {[%emt 00:02:33]} 20. Nxf5
{[%clk 00:50:02]} {[%emt 00:03:47]} exf5 {[%clk 00:50:34]} {[%emt 00:00:21]} 21.
O-O {[%clk 00:46:17]} {[%emt 00:04:15]} O-O {[%clk 00:47:15]} {[%emt 00:03:49]}
22. Re1 {[%clk 00:41:52]} {[%emt 00:04:56]} Rab8 {[%clk 00:38:44]} {[%emt
00:09:01]} 23. e6 {[%clk 00:35:50]} {[%emt 00:06:31]} fxe6 {[%clk 00:37:19]}
{[%emt 00:01:55]} 24. Ne5 {[%clk 00:35:55]} {[%emt 00:00:25]} Be8 {[%clk
00:35:53]} {[%emt 00:01:57]} 25. Nf3 {[%clk 00:33:11]} {[%emt 00:03:13]} Rf6
{[%clk 00:33:56]} {[%emt 00:02:27]} 26. Ng5 {[%clk 00:32:15]} {[%emt 00:01:26]}
Bd7 {[%clk 00:33:02]} {[%emt 00:01:24]} 27. Nf3 {[%clk 00:29:00]} {[%emt
00:03:45]} Nc8 {[%clk 00:32:27]} {[%emt 00:01:05]} 28. Ne5 {[%clk 00:26:47]}
{[%emt 00:02:43]} Be8 {[%clk 00:31:57]} {[%emt 00:00:59]} 29. Rb1 {[%clk
00:25:19]} {[%emt 00:01:58]} Rxb1 {[%clk 00:29:04]} {[%emt 00:03:23]} 30. Qxb1
{[%clk 00:25:47]} {[%emt 00:00:02]} Nb6 {[%clk 00:28:48]} {[%emt 00:00:47]} 31.
Re3 {[%clk 00:24:10]} {[%emt 00:02:06]} Bd6 {[%clk 00:21:50]} {[%emt 00:07:28]}
32. Rg3 {[%clk 00:22:23]} {[%emt 00:02:17]} Kh7 {[%clk 00:20:46]} {[%emt
00:01:34]} 33. Rg5 {[%clk 00:19:51]} {[%emt 00:03:02]} Bc7 {[%clk 00:19:02]}
{[%emt 00:02:14]} 34. Qa1 {[%clk 00:16:08]} {[%emt 00:04:13]} Nc8 {[%clk
00:17:41]} {[%emt 00:01:51]} 35. Bc2 {[%clk 00:12:59]} {[%emt 00:03:38]} Bd6
{[%clk 00:16:48]} {[%emt 00:01:24]} 36. Bd1 {[%clk 00:10:35]} {[%emt 00:02:54]}
Bf8 {[%clk 00:14:43]} {[%emt 00:02:34]} 37. Qb2 {[%clk 00:09:22]} {[%emt
00:01:44]} Qb6 {[%clk 00:13:49]} {[%emt 00:01:25]} 38. Qc2 {[%clk 00:09:12]}
{[%emt 00:00:39]} Nd6 {[%clk 00:11:44]} {[%emt 00:02:35]} 39. Bf3 {[%clk
00:08:15]} {[%emt 00:01:27]} Bh6 {[%clk 00:11:34]} {[%emt 00:00:40]} 40. Rg3
{[%clk 00:07:00]} {[%emt 00:01:45]} Bxf4 {[%clk 00:11:53]} {[%emt 00:00:11]} 41.
Rh3 {[%clk 00:06:51]} {[%emt 00:00:39]} Ne4 {[%clk 00:10:31]} {[%emt 00:01:52]}
42. Bxe4 {[%clk 00:06:22]} {[%emt 00:00:58]} fxe4 {[%clk 00:10:48]} {[%emt
00:00:14]} 43. Be3 {[%clk 00:06:25]} {[%emt 00:00:28]} Bxa4 {[%clk 00:08:40]}
{[%emt 00:02:39]} 44. Qc1 {[%clk 00:05:44]} {[%emt 00:01:11]} Bxe3+ {[%clk
00:07:55]} {[%emt 00:01:14]} 45. Qxe3 {[%clk 00:05:42]} {[%emt 00:00:32]} Qb1+
{[%clk 00:06:20]} {[%emt 00:02:06]} 46. Kh2 {[%clk 00:06:06]} {[%emt 00:00:06]}
Rf1 {[%clk 00:06:04]} {[%emt 00:00:45]} 47. Nxg6 {[%clk 00:04:04]} {[%emt
00:02:31]} Kxg6 {[%clk 00:05:08]} {[%emt 00:01:27]} 48. Qg3+ {[%clk 00:03:33]}
{[%emt 00:01:01]} Kf6 {[%clk 00:04:25]} {[%emt 00:01:13]} 49. Qg5+ {[%clk
00:03:05]} {[%emt 00:00:58]} Kf7 {[%clk 00:04:49]} {[%emt 00:00:06]} 50. Qxh5+
{[%clk 00:03:24]} {[%emt 00:00:11]} Ke7 {[%clk 00:05:00]} {[%emt 00:00:19]} 51.
Qg5+ {[%clk 00:02:59]} {[%emt 00:00:54]} Kd7 {[%clk 00:04:33]} {[%emt
00:00:57]} 52. Qg7+ {[%clk 00:02:56]} {[%emt 00:00:32]} Kc6 {[%clk 00:04:19]}
{[%emt 00:00:45]} 53. Qe7 {[%clk 00:02:00]} {[%emt 00:01:25]} Rh1+ {[%clk
00:04:24]} {[%emt 00:00:26]} 54. Kg3 {[%clk 00:02:29]} Qe1+ {[%clk 00:04:19]}
{[%emt 00:00:35]} 55. Kf4 {[%clk 00:02:37]} {[%emt 00:00:21]} Qf2+ {[%clk
00:03:33]} {[%emt 00:01:17]} 56. Kg5 {[%clk 00:02:53]} {[%emt 00:00:14]} Qf5+
{[%clk 00:02:50]} {[%emt 00:01:13]} 57. Kh6 {[%clk 00:03:10]} {[%emt 00:00:12]}
Rxh3 {[%clk 00:02:34]} {[%emt 00:00:47]} 58. gxh3 {[%clk 00:03:21]} {[%emt
00:00:18]} Bb5 {[%clk 00:02:23]} {[%emt 00:00:42]} 59. Qc5+ {[%clk 00:02:52]}
{[%emt 00:00:59]} Kb7 {[%clk 00:02:14]} {[%emt 00:00:39]} 60. Qe7+ {[%clk
00:03:12]} {[%emt 00:00:10]} Kc8 {[%clk 00:02:42]} {[%emt 00:00:03]} 61. Qc5+
{[%clk 00:03:32]} {[%emt 00:00:09]} Kd7 {[%clk 00:03:09]} {[%emt 00:00:04]} 62.
Qa7+ {[%clk 00:03:53]} {[%emt 00:00:09]} Ke8 {[%clk 00:03:26]} {[%emt
00:00:13]} 63. Qb8+ {[%clk 00:04:06]} {[%emt 00:00:16]} Ke7 {[%clk 00:03:48]}
{[%emt 00:00:09]} 64. Qc7+ {[%clk 00:04:28]} {[%emt 00:00:07]} Bd7 {[%clk
00:04:13]} {[%emt 00:00:05]} 0-1

[Event "XLIV Memoriał Szachowy Ludwika Zamenhofa 2025, Grupa B"]
[Site "Bialystok, Poland"]
[Date "2025.12.27"]
[Round "1.19"]
[White "Ocytko, Andrzej"]
[Black "Gorniak, Mateusz"]
[Result "1/2-1/2"]
[TimeControl "90'+30\""]
[WhiteElo "1995"]
[BlackElo "1746"]

1. d4 {[%clk 01:30:35]} {[%emt 00:00:25]} Nf6 {[%clk 01:30:51]} {[%emt
00:00:09]} 2. Nf3 {[%clk 01:30:39]} {[%emt 00:00:26]} e6 {[%clk 01:31:03]}
{[%emt 00:00:18]} 3. Bf4 {[%clk 01:30:44]} {[%emt 00:00:25]} d5 {[%clk
01:31:06]} {[%emt 00:00:27]} 4. e3 {[%clk 01:30:56]} {[%emt 00:00:18]} Nbd7
{[%clk 01:30:12]} {[%emt 00:01:24]} 5. Nbd2 {[%clk 01:30:22]} {[%emt 00:01:04]}
Be7 {[%clk 01:29:54]} {[%emt 00:00:48]} 6. h3 {[%clk 01:30:47]} {[%emt
00:00:06]} c6 {[%clk 01:29:57]} {[%emt 00:00:26]} 7. Bd3 {[%clk 01:27:55]}
{[%emt 00:03:21]} O-O {[%clk 01:30:06]} {[%emt 00:00:21]} 8. O-O {[%clk
01:28:13]} {[%emt 00:00:13]} b6 {[%clk 01:29:16]} {[%emt 00:01:19]} 9. Bh2
{[%clk 01:21:42]} {[%emt 00:07:01]} Bb7 {[%clk 01:27:10]} {[%emt 00:02:36]} 10.
c4 {[%clk 01:20:29]} {[%emt 00:01:43]} c5 {[%clk 01:26:48]} {[%emt 00:00:51]}
11. Rc1 {[%clk 01:19:55]} {[%emt 00:01:04]} cxd4 {[%clk 01:25:13]} {[%emt
00:02:06]} 12. Nxd4 {[%clk 01:19:57]} {[%emt 00:00:28]} Nc5 {[%clk 01:24:43]}
{[%emt 00:00:59]} 13. Bb1 {[%clk 01:20:03]} {[%emt 00:00:24]} Bd6 {[%clk
01:23:44]} {[%emt 00:01:29]} 14. Bxd6 {[%clk 01:19:35]} {[%emt 00:00:59]} Qxd6
{[%clk 01:24:05]} {[%emt 00:00:09]} 15. b4 {[%clk 01:16:04]} {[%emt 00:04:02]}
Ncd7 {[%clk 01:18:30]} {[%emt 00:06:04]} 16. a3 {[%clk 01:15:07]} {[%emt
00:01:27]} a6 {[%clk 01:18:15]} {[%emt 00:00:44]} 17. Qe2 {[%clk 01:11:04]}
{[%emt 00:04:34]} Rac8 {[%clk 01:17:06]} {[%emt 00:01:39]} 18. Rfd1 {[%clk
01:10:56]} {[%emt 00:00:38]} g6 {[%clk 01:09:59]} {[%emt 00:07:36]} 19. N4f3
{[%clk 00:52:18]} {[%emt 00:19:08]} a5 {[%clk 01:01:49]} {[%emt 00:08:40]} 20.
e4 {[%clk 00:51:42]} {[%emt 00:01:07]} dxe4 {[%clk 01:00:46]} {[%emt 00:01:32]}
21. Nxe4 {[%clk 00:51:17]} {[%emt 00:00:56]} Qf4 {[%clk 00:58:29]} {[%emt
00:02:46]} 22. g3 {[%clk 00:41:42]} {[%emt 00:10:05]} Qc7 {[%clk 00:51:34]}
{[%emt 00:07:24]} 23. Nd6 {[%clk 00:41:45]} {[%emt 00:00:28]} Rcd8 {[%clk
00:51:08]} {[%emt 00:00:56]} 24. Nxb7 {[%clk 00:39:24]} {[%emt 00:02:52]} Qxb7
{[%clk 00:51:28]} {[%emt 00:00:09]} 25. Nd4 {[%clk 00:38:45]} {[%emt 00:01:10]}
Nb8 {[%clk 00:43:09]} {[%emt 00:08:49]} 26. Qe5 {[%clk 00:32:10]} {[%emt
00:07:05]} Nfd7 {[%clk 00:37:37]} {[%emt 00:06:01]} 27. Qe4 {[%clk 00:31:19]}
{[%emt 00:01:22]} Qxe4 {[%clk 00:36:27]} {[%emt 00:01:38]} 28. Bxe4 {[%clk
00:31:47]} {[%emt 00:00:04]} Nf6 {[%clk 00:32:38]} {[%emt 00:04:18]} 29. Bg2
{[%clk 00:31:06]} {[%emt 00:01:11]} Rd7 {[%clk 00:29:42]} {[%emt 00:03:26]} 30.
Nc6 {[%clk 00:26:20]} {[%emt 00:05:16]} Nxc6 {[%clk 00:27:31]} {[%emt
00:02:42]} 31. Bxc6 {[%clk 00:26:31]} {[%emt 00:00:20]} Rdd8 {[%clk 00:27:36]}
{[%emt 00:00:24]} 32. b5 {[%clk 00:23:13]} {[%emt 00:03:48]} Kg7 {[%clk
00:27:01]} {[%emt 00:01:04]} 33. f4 {[%clk 00:22:53]} {[%emt 00:00:51]} Ng8
{[%clk 00:27:09]} {[%emt 00:00:22]} 34. Kf2 {[%clk 00:22:06]} {[%emt 00:01:17]}
Ne7 {[%clk 00:27:23]} {[%emt 00:00:16]} 35. Bb7 {[%clk 00:19:39]} {[%emt
00:02:56]} Nf5 {[%clk 00:26:11]} {[%emt 00:01:42]} 36. g4 {[%clk 00:17:49]}
{[%emt 00:02:21]} Nd4 {[%clk 00:25:51]} {[%emt 00:00:50]} 37. Rc3 {[%clk
00:17:39]} {[%emt 00:00:40]} Nxb5 {[%clk 00:24:08]} {[%emt 00:02:12]} 38. Rxd8
{[%clk 00:12:35]} {[%emt 00:05:35]} Nxc3 {[%clk 00:24:25]} {[%emt 00:00:13]} 39.
Rd6 {[%clk 00:11:13]} {[%emt 00:01:52]} Na4 {[%clk 00:23:13]} {[%emt 00:01:42]}
40. g5 {[%clk 00:11:10]} {[%emt 00:00:33]} Rb8 {[%clk 00:23:19]} {[%emt
00:00:22]} 41. Bc6 {[%clk 00:11:05]} {[%emt 00:00:36]} Nc5 {[%clk 00:23:32]}
{[%emt 00:00:16]} 42. Ke3 {[%clk 00:11:17]} {[%emt 00:00:19]} Kf8 {[%clk
00:22:56]} {[%emt 00:01:06]} 43. Bb5 {[%clk 00:10:23]} {[%emt 00:01:25]} Ke7
{[%clk 00:21:39]} {[%emt 00:01:46]} 44. Rc6 {[%clk 00:10:52]} {[%emt 00:00:02]}
Rd8 {[%clk 00:18:32]} {[%emt 00:03:36]} 45. a4 {[%clk 00:09:05]} {[%emt
00:02:17]} Rd3+ {[%clk 00:18:13]} {[%emt 00:00:48]} 46. Ke2 {[%clk 00:09:29]}
{[%emt 00:00:07]} Rd6 {[%clk 00:16:20]} {[%emt 00:02:22]} 47. Rc7+ {[%clk
00:09:54]} {[%emt 00:00:05]} Kf8 {[%clk 00:16:15]} {[%emt 00:00:35]} 48. Rc8+
{[%clk 00:10:20]} {[%emt 00:00:05]} Kg7 {[%clk 00:14:46]} {[%emt 00:01:58]} 49.
Rc7 {[%clk 00:10:45]} {[%emt 00:00:05]} Kf8 {[%clk 00:14:46]} {[%emt 00:00:29]}
50. Rc8+ {[%clk 00:11:12]} {[%emt 00:00:05]} Kg7 {[%clk 00:15:10]} {[%emt
00:00:05]} 51. Rc7 {[%clk 00:11:39]} {[%emt 00:00:04]} 1/2-1/2

[Event "XLIV Memoriał Szachowy Ludwika Zamenhofa 2025, Grupa B"]
[Site "Bialystok, Poland"]
[Date "2025.12.27"]
[Round "1.20"]
[White "Saliuk, Maryia"]
[Black "Sawicki, Dorian"]
[Result "0-1"]
[TimeControl "90'+30\""]
[WhiteElo "1742"]
[BlackElo "1992"]

1. e4 {[%clk 01:30:57]} {[%emt 00:00:02]} c5 {[%clk 01:30:53]} {[%emt
00:00:07]} 2. b3 {[%clk 01:31:21]} {[%emt 00:00:07]} e6 {[%clk 01:30:55]}
{[%emt 00:00:28]} 3. Nf3 {[%clk 01:30:07]} {[%emt 00:01:44]} a6 {[%clk
01:30:01]} {[%emt 00:01:24]} 4. Bb2 {[%clk 01:30:07]} {[%emt 00:00:30]} Qc7
{[%clk 01:29:40]} {[%emt 00:00:51]} 5. g3 {[%clk 01:24:20]} {[%emt 00:06:17]}
Nc6 {[%clk 01:27:11]} {[%emt 00:02:58]} 6. Bg2 {[%clk 01:21:40]} {[%emt
00:03:10]} b5 {[%clk 01:25:28]} {[%emt 00:02:14]} 7. O-O {[%clk 01:20:38]}
{[%emt 00:01:31]} Bb7 {[%clk 01:24:34]} {[%emt 00:01:23]} 8. Qe2 {[%clk
01:19:41]} {[%emt 00:01:28]} d6 {[%clk 01:22:00]} {[%emt 00:03:05]} 9. c3
{[%clk 01:06:22]} {[%emt 00:13:49]} g6 {[%clk 01:04:05]} {[%emt 00:18:24]} 10.
d4 {[%clk 01:04:48]} {[%emt 00:02:04]} e5 {[%clk 01:01:52]} {[%emt 00:02:42]}
11. d5 {[%clk 00:57:15]} {[%emt 00:08:03]} Nce7 {[%clk 01:01:18]} {[%emt
00:01:04]} 12. Nh4 {[%clk 00:53:35]} {[%emt 00:04:11]} Bg7 {[%clk 00:58:58]}
{[%emt 00:02:49]} 13. c4 {[%clk 00:50:46]} {[%emt 00:03:19]} bxc4 {[%clk
00:58:02]} {[%emt 00:01:26]} 14. Qxc4 {[%clk 00:47:50]} {[%emt 00:03:27]} Nf6
{[%clk 00:51:41]} {[%emt 00:06:51]} 15. f4 {[%clk 00:47:38]} {[%emt 00:00:42]}
O-O {[%clk 00:46:55]} {[%emt 00:05:15]} 16. fxe5 {[%clk 00:46:53]} {[%emt
00:01:16]} dxe5 {[%clk 00:44:41]} {[%emt 00:02:43]} 17. Nd2 {[%clk 00:39:01]}
{[%emt 00:08:22]} a5 {[%clk 00:37:12]} {[%emt 00:07:59]} 18. Qc3 {[%clk
00:30:15]} {[%emt 00:09:16]} Ba6 {[%clk 00:34:43]} {[%emt 00:02:59]} 19. Rfd1
{[%clk 00:28:05]} {[%emt 00:02:40]} Nd7 {[%clk 00:20:22]} {[%emt 00:14:51]} 20.
Nc4 {[%clk 00:27:52]} {[%emt 00:00:43]} Nc8 {[%clk 00:20:25]} {[%emt 00:00:27]}
21. Nxa5 {[%clk 00:13:29]} {[%emt 00:14:53]} Nd6 {[%clk 00:19:09]} {[%emt
00:01:46]} 22. Re1 {[%clk 00:08:34]} {[%emt 00:05:25]} Bb5 {[%clk 00:14:17]}
{[%emt 00:05:21]} 23. b4 {[%clk 00:05:37]} {[%emt 00:03:27]} Qb6 {[%clk
00:12:58]} {[%emt 00:01:49]} 24. Qe3 {[%clk 00:04:50]} {[%emt 00:01:17]} cxb4
{[%clk 00:10:54]} {[%emt 00:02:34]} 25. Qxb6 {[%clk 00:04:44]} {[%emt
00:00:36]} Nxb6 {[%clk 00:11:20]} {[%emt 00:00:04]} 26. Nb3 {[%clk 00:05:04]}
{[%emt 00:00:11]} Na4 {[%clk 00:09:47]} {[%emt 00:02:02]} 27. Bc1 {[%clk
00:04:46]} {[%emt 00:00:48]} Nc3 {[%clk 00:09:40]} {[%emt 00:00:36]} 28. Bd2
{[%clk 00:01:53]} {[%emt 00:03:23]} Nxa2 {[%clk 00:09:19]} {[%emt 00:00:51]} 29.
Nf3 {[%clk 00:01:25]} {[%emt 00:00:58]} Nc3 {[%clk 00:08:39]} {[%emt 00:01:11]}
30. Bxc3 {[%clk 00:01:42]} {[%emt 00:00:12]} bxc3 {[%clk 00:09:08]} {[%emt
00:00:02]} 31. Rac1 {[%clk 00:01:59]} {[%emt 00:00:12]} Rfc8 {[%clk 00:07:38]}
{[%emt 00:02:00]} 32. Na1 {[%clk 00:01:12]} {[%emt 00:01:17]} Bd3 {[%clk
00:06:01]} {[%emt 00:02:07]} 33. Nc2 {[%clk 00:01:18]} {[%emt 00:00:24]} Bxe4
{[%clk 00:06:09]} {[%emt 00:00:22]} 34. Nb4 {[%clk 00:01:41]} {[%emt 00:00:08]}
Bh6 {[%clk 00:05:53]} {[%emt 00:00:46]} 35. Nc6 {[%clk 00:01:26]} {[%emt
00:00:44]} Bxc1 {[%clk 00:05:32]} {[%emt 00:01:21]} 36. Ne7+ {[%clk 00:02:21]}
{[%emt 00:00:05]} Kg7 {[%clk 00:05:49]} {[%emt 00:00:13]} 37. Nxc8 {[%clk
00:02:46]} {[%emt 00:00:06]} Rxc8 {[%clk 00:03:36]} {[%emt 00:02:43]} 38. Rxc1
{[%clk 00:03:09]} {[%emt 00:00:07]} Bxf3 {[%clk 00:03:56]} {[%emt 00:00:10]} 39.
Bxf3 {[%clk 00:03:34]} {[%emt 00:00:05]} e4 {[%clk 00:04:23]} {[%emt 00:00:03]}
40. Be2 {[%emt 00:00:26]} f5 {[%clk 00:04:33]} 41. Kf2 {[%clk 00:04:24]} {[%emt
00:00:04]} Kf6 {[%clk 00:04:59]} {[%emt 00:00:04]} 42. Ke3 {[%clk 00:04:50]}
{[%emt 00:00:04]} Ke5 {[%clk 00:05:26]} {[%emt 00:00:03]} 43. Ba6 {[%clk
00:05:07]} {[%emt 00:00:14]} Rc7 {[%clk 00:05:41]} {[%emt 00:00:14]} 44. h4
{[%clk 00:05:28]} {[%emt 00:00:10]} h6 {[%clk 00:05:53]} {[%emt 00:00:18]} 45.
Ra1 {[%clk 00:05:45]} {[%emt 00:00:12]} g5 {[%clk 00:06:16]} {[%emt 00:00:07]}
46. hxg5 {[%clk 00:06:10]} {[%emt 00:00:05]} hxg5 {[%clk 00:06:44]} {[%emt
00:00:02]} 47. Rf1 {[%clk 00:06:34]} {[%emt 00:00:05]} f4+ {[%clk 00:06:56]}
{[%emt 00:00:18]} 48. gxf4+ {[%clk 00:06:59]} {[%emt 00:00:05]} gxf4+ {[%clk
00:07:25]} {[%emt 00:00:02]} 49. Rxf4 {[%clk 00:07:21]} {[%emt 00:00:08]} c2
{[%clk 00:07:43]} {[%emt 00:00:12]} 50. Rxe4+ {[%clk 00:07:41]} {[%emt
00:00:10]} Nxe4 {[%clk 00:08:07]} {[%emt 00:00:05]} 51. d6 {[%clk 00:08:09]}
{[%emt 00:00:03]} c1=Q+ {[%clk 00:08:30]} {[%emt 00:00:07]} 52. Kf3 {[%clk
00:08:35]} {[%emt 00:00:03]} Rf7+ {[%clk 00:08:55]} {[%emt 00:00:06]} 53. Ke2
{[%clk 00:08:59]} {[%emt 00:00:06]} Qd2# {[%clk 00:09:20]} {[%emt 00:00:05]}
0-1

[Event "XLIV Memoriał Szachowy Ludwika Zamenhofa 2025, Grupa B"]
[Site "Bialystok, Poland"]
[Date "2025.12.27"]
[Round "1.21"]
[White "Rajlich, Vaclav"]
[Black "Zielinski, Krzysztof"]
[Result "1-0"]
[TimeControl "90'+30\""]
[WhiteElo "1985"]
[BlackElo "1739"]

1. e4 {[%clk 01:30:30]} {[%emt 01:30:11]} e5 {[%clk 01:30:51]} {[%emt
00:00:14]} 2. Nf3 {[%clk 01:30:57]} {[%emt 00:00:04]} Nc6 {[%clk 01:31:16]}
{[%emt 00:00:06]} 3. Bb5 {[%clk 01:31:24]} {[%emt 00:00:02]} Bc5 {[%clk
01:31:37]} {[%emt 00:00:09]} 4. O-O {[%clk 01:31:36]} {[%emt 00:00:17]} d6
{[%clk 01:32:01]} {[%emt 00:00:06]} 5. c3 {[%clk 01:28:35]} {[%emt 00:03:31]}
a6 {[%clk 01:32:18]} {[%emt 00:00:13]} 6. Ba4 {[%clk 01:24:58]} {[%emt
00:04:08]} b5 {[%clk 01:32:20]} {[%emt 00:00:28]} 7. Bb3 {[%clk 01:25:11]}
{[%emt 00:00:17]} Bb6 {[%clk 01:27:50]} {[%emt 00:05:00]} 8. a4 {[%clk
01:23:20]} {[%emt 00:02:21]} b4 {[%clk 01:27:05]} {[%emt 00:01:14]} 9. cxb4
{[%clk 01:19:28]} {[%emt 00:04:22]} Nxb4 {[%clk 01:25:19]} {[%emt 00:02:15]} 10.
Bxf7+ {[%clk 01:13:20]} {[%emt 00:06:38]} Kxf7 {[%clk 01:23:12]} {[%emt
00:02:37]} 11. Qb3+ {[%clk 01:13:45]} {[%emt 00:00:05]} Be6 {[%clk 01:22:36]}
{[%emt 00:01:06]} 12. Qxb4 {[%clk 01:14:09]} {[%emt 00:00:07]} h6 {[%clk
01:20:32]} {[%emt 00:02:33]} 13. a5 {[%clk 01:13:57]} {[%emt 00:00:42]} Bc5
{[%clk 01:20:54]} {[%emt 00:00:08]} 14. Nxe5+ {[%clk 01:13:55]} {[%emt
00:00:33]} Kf6 {[%clk 01:17:46]} {[%emt 00:03:37]} 15. Qc3 {[%clk 01:13:56]}
{[%emt 00:00:29]} dxe5 {[%clk 01:18:13]} {[%emt 00:00:03]} 16. Qxc5 {[%clk
01:14:16]} {[%emt 00:00:10]} Qd6 {[%clk 01:17:55]} {[%emt 00:00:48]} 17. Qe3
{[%clk 01:13:56]} {[%emt 00:00:49]} g5 {[%clk 01:17:24]} {[%emt 00:01:01]} 18.
b3 {[%clk 01:12:06]} {[%emt 00:02:21]} Rb8 {[%clk 01:14:53]} {[%emt 00:03:01]}
19. Bb2 {[%clk 01:11:46]} {[%emt 00:00:50]} Rxb3 {[%clk 01:13:09]} {[%emt
00:02:15]} 20. Bc3 {[%clk 01:12:12]} {[%emt 00:00:03]} Ne7 {[%clk 01:12:53]}
{[%emt 00:00:47]} 21. d4 {[%clk 01:11:39]} {[%emt 00:01:03]} Kg6 {[%clk
01:12:17]} {[%emt 00:01:05]} 22. d5 {[%clk 01:11:28]} {[%emt 00:00:42]} Bf7
{[%clk 01:11:27]} {[%emt 00:01:20]} 23. Nd2 {[%clk 01:11:53]} {[%emt 00:00:05]}
Bxd5 {[%clk 01:09:24]} {[%emt 00:02:34]} 24. exd5 {[%clk 01:12:09]} {[%emt
00:00:13]} Qxd5 {[%clk 01:09:23]} {[%emt 00:00:31]} 25. Nxb3 {[%clk 01:12:33]}
{[%emt 00:00:06]} Qxb3 {[%clk 01:09:39]} {[%emt 00:00:14]} 26. Bxe5 {[%clk
01:12:42]} {[%emt 00:01:10]} 1-0